000 00979nam a2200241 i 4500
001 114210
003 ES-MaACL
005 20230906190112.0
007 t|
008 061121s1932 sz r ||||1| fre d
245 0 0 _aPaludisme dans les Deltas.
260 _aGeneve :
_b[s. n.],
_c1932.
300 _a176 p. :
_bil. ;
_c24 cm.
490 1 _aArchives roumaines de pathologie expérimentale et de microbiologie ;
_vT. V, nº 1, marzo 1932
505 8 _aContiene: Delta de l'Ebre par les docteurs Pereperez [et al.] ; sous la direction du Prof. G. Pittaluga. Delta du Danube par le Prof. G. Zotta
700 1 _aPereperez.
_990518
700 1 _aPittaluga, Gustavo,
_d1876-1956
_9155591
700 1 _aZotta, G.
_9118367
710 2 _aSociedad de Naciones.
_bOrganización de Higiene.
_96685
830 0 _aArchives roumaines de pathologie expérimentale et de microbiologie ;
_vT. V, nº 1, marzo 1932
_9226804
852 _aES-MaACL
_jE-1689
999 _c114210
_d114210